Normal view
MARC view
- القاون الإداري- إدارة الأفراد
Entry Topical Term
001 - CONTROL NUMBER
- control field: 59181
003 - CONTROL NUMBER IDENTIFIER
- control field: JO-AjAnu
005 - DATE AND TIME OF LATEST TRANSACTION
- control field: 20230606083659.0
008 - FIXED-LENGTH DATA ELEMENTS
- fixed length control field: 230606|| aca||aabn | a|a d
040 ## - CATALOGING SOURCE
- Original cataloging agency: JO-AjAnu
- Transcribing agency: JO-AjAnu
150 ## - HEADING--TOPICAL TERM
- Topical term or geographic name entry element: القاون الإداري- إدارة الأفراد
670 ## - SOURCE DATA FOUND
- Source citation: Work cat.: (JO-AjAnu)30186: الحيط، عادل عزام سقف؛ ثائر الوحيدي, author 59180, الدليل العملي في التحقيق الإداري : دراسة مقارنة